Repertorio de jurisprudencia civil española establecida por el Tribunal Supremo / (Record no. 126471)

MARC details
000 -LEADER
campo de control de longitud fija 01002nam a2200193 4500
001 - NÚMERO DE CONTROL
campo de control 126471
003 - IDENTIFICADOR DE NÚMERO DE CONTROL
campo de control ES-MaACL
005 - FECHA Y HORA DE LA ÚLTIMA TRANSACCIÓN
campo de control 20230906192827.0
007 - CAMPO FIJO DE DESCRIPCIÓN FÍSICA--INFORMACIÓN GENERAL
campo de control de longitud fija t|
008 - DATOS DE LONGITUD FIJA--INFORMACIÓN GENERAL
campo de control de longitud fija 070214m19081922sp r ||||1| spa d
245 00 - MENCIÓN DEL TÍTULO
Título Repertorio de jurisprudencia civil española establecida por el Tribunal Supremo /
Mención de responsabilidad, etc. por la redacción de la Revista General de Legislación y Jurisprudencia ; bajo la dirección del Excmo. Sr. D. Eduardo Dato Iradier.
250 ## - MENCION DE EDICION
Mención de edición 2ª ed. corr. y aum.
260 ## - PUBLICACIÓN, DISTRIBUCIÓN, ETC.
Lugar de publicación, distribución, etc. Madrid :
Nombre del editor, distribuidor, etc. [s. n.],
Fecha de publicación, distribución, etc. 1908-1922 (
Fabricante Imp. Revista General de Legislación y Jurisprudencia)
505 8# - NOTA DE CONTENIDO CON FORMATO
Nota de contenido con formato Contiene: v. I: Jurisprudencia sobre los recursos de casación desde 1º de enero de 1883-88 ---- v. II: 1889-93 --- v. III: 1894-97 ---- v, IV: 1898-1901 ---- v. V: 1902-1905 ---- v. VI: 1910-1913 ---- v. VII: 1914-1917
700 1# - ENTRADA AGREGADA--NOMBRE PERSONAL
Nombre de persona Dato, Eduardo,
Fechas asociadas al nombre 1856-1921
9 (RLIN) 42789
710 2# - ENTRADA AGREGADA--NOMBRE DE ENTIDAD CORPORATIVA
Nombre de entidad corporativa o nombre de jurisdicción como elemento de entrada Revista General de Legislación y Jurisprudencia.
9 (RLIN) 6446
852 ## - LOCALIZACIÓN
Ubicación ES-MaACL
Número de control de estantería B-9682-88
Holdings
Estatus retirado Estado de pérdida Estado de daño No para préstamo Biblioteca de origen Biblioteca actual Ubicación en estantería Fecha de adquisición Fuente de adquisición Total de préstamos Signatura topográfica completa Código de barras Visto por última vez Precio de reemplazo Tipo de ítem Koha
        Biblioteca del Ateneo de Madrid Biblioteca del Ateneo de Madrid Sala Pardo Bazán 17/01/2008     B-9682-88 1131728 23/02/2023 23/02/2023 Libro impreso